000 00301nam a22001337a 4500
008 170616b xxu||||| |||| 00| 0 eng d
020 _a013325481X
041 _aeng
080 _a32
100 _a20
101 _aSHP
245 _aFOREIGN POLICY IN WORLD POLITICS
_cMACRIDIS, R.C
942 _2udc
_cBK
999 _c17710
_d17710